LEADER 01060nam a2200253 i 4500 001 000000189985 003 CaOOAMICUS 005 20100525000000.0 008 100525s1937 it u000 u fre u 013 $a168304 040 $aSeMil$bita 100 1 $aNed, Jacobs.$0(OLS)http://semarc/name/69481 245 14$aUne âme d'apôtre M. Édouard Poppe prêtre /$cAbbé Od. Jacobs et Édouard Ned. 260 $aParis :$bLethielleux,$c1937. 300 $aIX, 267 p., [3] p. di tav. ;$c18 cm. 490 0 $aApotres d'aujourd'hui ;$v4. 500 $aContiene : Appendice. 650 4$aPoppe, Édouard .$0(OLS)http://semarc/subject/11651 700 1 $aNed, Édouard.$0(OLS)http://semarc/name/69482 830 0$aApotres d'aujourd'hui ;$v4.$0(OLS)http://semarc/title/31332 850 $aSeMil 852 $aSeMil$W1$xVenegono$y1$m3H I 283$j140616$B140616$CSeMilBibl$Z2$F152198 $81 996 $6245$aUne âme d'apôtre M. Édouard Poppe prêtre$9(OLS)http://semarc/title/273631 996 $6260$aParis :$bLethielleux$9(OLS)http://semarc/publisher/30156 LEADER 00495nab a2200145 i 4500 001 000000282510 003 CaOOAMICUS 005 20141111000000.0 008 141111n xx uu u0 0und r 013 $a35376 040 $aSeMil$bita 245 10$aspeciale Universa Laus. - 24 p. - Titolo dalla copertina. 500 $aOttobre-Dicembre 1993. 773 0 $t[1992-1994].$dBologna : EDB, 1992-1994.$w()235496 996 $6245$aspeciale Universa Laus. - 24 p. - Titolo dalla copertina$9(OLS)http://semarc/title/364565